000
002760000a22000970004500
100
1
_a
Sumney, Jerry L.
245
1
0
_a
The letter of eugnostos and the origins of gnosticism
300
_a
Vol. 31, Num. 2 (Abril, 1989), Páginas 172-181
773
0
_t
Novum Testamentum
942
_c
ANA
999
_c
56774
_d
56774